Live right! : (رقم التسجيلة. 23201)

تفاصيل مارك
000 -الفاتح
حقل البيانات ثابتة الطول 01310cam a2200289 a 4500
001 - رقم الضبط
رقم الضبط 14564348
003 - محدد رقم الضبط
رقم الضبط OSt
005 - وقت وتاريخ اخر تعامل مع التسجيلة
رقم الضبط 20150408114034.0
008 - عناصر البيانات ثابتة الطول - معلومات عامة
حقل البيانات ثابتة الطول 060922s2008 caua b 000 0 eng
010 ## - رقم ضبط مكتبة الكونجرس
رقم ضبط مكتبة الكونجرس 2006031407
020 ## - الرقم الدولى المعيارى للكتب
الرقم الدولى المعيارى للكتاب 0321491491 (pbk.)
020 ## - الرقم الدولى المعيارى للكتب
الرقم الدولى المعيارى للكتاب 9780321491497
040 ## - مصدر الفهرسة
وكالة الفهرسة الأصلية DLC
وكالة النسخ DLC
وكالة التعديل DLC
050 00 - رقم طلب مكتبة الكونجرس
رقم التصنيف LB2343.3
رقم المادة .A85 2008
082 00 - رقم تصنيف ديوى العشرى
رقم التصنيف 378.198
رقم الطبعة 22
100 1# - المدخل الرئيسى - إسم شخصى
الإسم الشخصى Atkinson, Debra.
9 (RLIN) 13979
245 10 - بيان العنوان
العنوان Live right! :
بقية العنوان beating stress in college and beyond /
بيان المسئوليه,etc Debra Atkinson.
260 ## - PUBLICATION, DISTRIBUTION, ETC. (IMPRINT)
مكان الناشر او الموزع San Francisco, CA :
اسم الناشر او الموزع Pearson Benjamin Cummings,
تاريخ النشر أو التوزيع c2008.
300 ## - الوصف المادى
التعداد vi, 73 p. :
تفاصيل ماديه اخرى للوعاء col. ill. ;
أبعاد الوعاء 23 cm.
504 ## - تبصرة ببليوجرافية
تبصرة ببليوجرافية,الخ Includes bibliographical references (p. 73).
505 0# - تبصرة محتويات-الفهرس
تبصرة المحتويات المصاغة Money matters -- Finding the time : balancing college life -- Sleep : a to zzzzzz -- Relationships : combating conflict and the stress that comes with it -- Beating stress with exercise -- Making the grade : coping with the demands of school -- Stress busting products and services : a closer look.
650 #0 - المدخل الاضافى بالموضوع-مصطلح موضوعى
مصطلح موضوعي أو اسم جغرافي كعنصر مدخل College student orientation.
9 (RLIN) 4173
650 #0 - المدخل الاضافى بالموضوع-مصطلح موضوعى
مصطلح موضوعي أو اسم جغرافي كعنصر مدخل Stress management.
9 (RLIN) 13980
856 41 - الوصول و الموقع الالكترونى
مواد محددة Table of contents only
معرف المصدر الموحد <a href="http://www.loc.gov/catdir/toc/ecip071/2006031407.html">http://www.loc.gov/catdir/toc/ecip071/2006031407.html</a>
942 ## - عناصر المدخل الإضافي( كوها)
مصدر التصنيف او مخطط الترفيف Dewey Decimal Classification
Koha [default] item type كتاب
المقتنيات
حالة الفقد نموذج السعر الفعال حالة تلف ليس للاعارة رقم الطلب تاريخ الاكتساب الموقع الحالي الباركود الفرع الرئيسي Date last seen نوع المادة فى نظام كوها مصدر التصنيف او خطة الترفيف Total Checkouts
  2013-03-10     378.198 A D L 2012-05-14 مكتبة كلية العلوم الطبية التطبيقية بالمجمعة - طالبات (AMF) 00087029 مكتبة كلية العلوم الطبية التطبيقية بالمجمعة - طالبات (AMF) 2013-03-10 كتاب Dewey Decimal Classification  
  2013-03-10     378.198 A D L 2012-05-14 مكتبة كلية العلوم الطبية التطبيقية بالمجمعة - طالبات (AMF) 00087033 مكتبة كلية العلوم الطبية التطبيقية بالمجمعة - طالبات (AMF) 2013-03-10 كتاب Dewey Decimal Classification